| 000 | 01028nam a2200265 i 4500 | ||
|---|---|---|---|
| 001 | 74010 | ||
| 003 | ES-MaACL | ||
| 005 | 20250723115203.0 | ||
| 007 | t| | ||
| 008 | 040914q1917 sp ||||1| spa d | ||
| 100 | 1 |
_aGonzález, Juan Vicente. _958344 |
|
| 245 | 1 | 0 |
_aBiografía del General José Félix Ribas _b: primer teniente de Bolivar en 1813 y 1814 : (época de la guerra a muerte) / _cJuan Vicente González. |
| 260 |
_aMadrid : _bJuan Pueyo, _c[1917?] |
||
| 300 |
_a302 p. ; _c23 cm. |
||
| 490 | 1 |
_aBiblioteca Ayacucho ; _v24 |
|
| 530 | _aDisponible en formato digital. | ||
| 600 | 1 | 4 |
_aRibas, José Félix. _9170160 |
| 651 | 4 |
_aVenezuela- _xHistoria- _y1810-1823, Guerra de la Independencia. _9148949 |
|
| 830 | 0 |
_aBiblioteca Ayacucho ; _v24 _9177888 |
|
| 852 |
_aES-MaACL _jF-1558 _cDEPO2 |
||
| 852 |
_aES-MaACL _jD-1111 _cSVI _zRevisado enlace: 23 de julio de 2025 |
||
| 856 | 4 |
_uhttp://bdh-rd.bne.es/viewer.vm?id=0000096059&page=1 _y(Biblioteca Digital Hispánica) |
|
| 942 | _2udc | ||
| 999 |
_c74010 _d74010 |
||